| 000 | 01002nam0a22002771 4500 | ||
|---|---|---|---|
| 001 | RU\NLR\INFOCOMM_161\5000084551 | ||
| 005 | 20250613100240.0 | ||
| 035 | _a(NLR Aleph) 009333788 | ||
| 090 |
_a9469781 _c9469781 |
||
| 100 | _a20101016d1981 |||y0rusy50 ca | ||
| 101 | 0 | _aspa | |
| 102 | _aRU | ||
| 105 | _ay ||||000|y | ||
| 200 | 1 |
_aEl papel de la ciencia en las negociaciones politicas _eDe la experiencia de la concertación de acuerdos sobre la prohibición de las pruebas del arma nuclear y la incidencia hostil en la naturaleza _fE. Fiódorov |
|
| 210 |
_aМосква _cНаука _d1981 |
||
| 215 |
_a99 с. _d22 см |
||
| 225 | 1 |
_aLa Paz internacional y el desarme _vFasc. 4 |
|
| 320 | _aБиблиогр.: с. 97-99 | ||
| 686 |
_aТ3(0)63-611.25 _2rubbk |
||
| 700 | 1 |
_9z02790 _aFedorov _bE. K. _f1910-1981 _gEvgenij Konstantinovič _4070 |
|
| 790 | 1 |
_9z02700 _aFiódorov _bE. _4070 |
|
| 801 | 1 |
_aRU _bNLR _c20101016 |
|
| 801 | 0 |
_aRU _bNLR _gPSBO |
|
| 852 |
_aNLR _jP22/4244 |
||
| 942 | _cBOOK | ||
| 980 | _aNB | ||